|
|
|
|
| LEADER |
01052nam a2200325 4500 |
| 001 |
DLU170181936 |
| 005 |
##20171121 |
| 020 |
# |
# |
|a 9786045368923
|
| 040 |
# |
# |
|a DLU
|b vie
|
| 041 |
# |
# |
|a vie
|
| 044 |
# |
# |
|a vn
|
| 082 |
# |
# |
|a 398.209 597
|b Hat
|
| 245 |
# |
# |
|a Hát kể truyện cổ Raglai Anai Mapraik & Anaow Puah Taih Ong /
|c Sử Văn Ngọc, Sử Thị Gia Trang biên soạn, sưu tầm, giới thiệu.
|
| 246 |
# |
# |
|a Hát kể truyện cổ Raglai Anai Mapraik và Anaow Puah Taih Ong
|
| 260 |
# |
# |
|a H. :
|b Hội Nhà văn,
|c 2016.
|
| 300 |
# |
# |
|a 843 tr. ;
|c 21 cm.
|
| 650 |
# |
# |
|a Raglai (Dân tộc Đông Nam Á)
|z Việt Nam
|x Văn học dân gian.
|
| 700 |
# |
# |
|a Sử Thị Gia Trang,
|e biên soạn, sưu tầm, giới thiệu.
|
| 700 |
# |
# |
|a Sử Văn Ngọc,
|e biên soạn, sưu tầm, giới thiệu.
|
| 923 |
# |
# |
|a 01/2017
|
| 991 |
# |
# |
|a SH
|
| 992 |
# |
# |
|a 34000
|
| 994 |
# |
# |
|a DLU
|
| 900 |
# |
# |
|a True
|
| 911 |
# |
# |
|a Nguyễn Thanh Hương
|
| 925 |
# |
# |
|a G
|
| 926 |
# |
# |
|a A
|
| 927 |
# |
# |
|a SH
|
| 980 |
# |
# |
|a Thư viện Trường Đại học Đà Lạt
|